Los armónicos en el saxofón (Record no. 190708)
[ view plain ]
| 000 -LEADER | |
|---|---|
| campo de control de longitud fija | 00570nam a2200193 i 4500 |
| 001 - NÚMERO DE CONTROL | |
| campo de control | 190708 |
| 003 - IDENTIFICADOR DE NÚMERO DE CONTROL | |
| campo de control | ES-MaACL |
| 005 - FECHA Y HORA DE LA ÚLTIMA TRANSACCIÓN | |
| campo de control | 20250806063144.0 |
| 007 - CAMPO FIJO DE DESCRIPCIÓN FÍSICA--INFORMACIÓN GENERAL | |
| campo de control de longitud fija | qu |
| 008 - DATOS DE LONGITUD FIJA--INFORMACIÓN GENERAL | |
| campo de control de longitud fija | 220511s1987 sp g 001 1dspa |
| 100 1# - ENTRADA PRINCIPAL--NOMBRE DE PERSONA | |
| Nombre de persona | Iturralde Ochoa, Pedro, |
| Fechas asociadas al nombre | 1929-2020 |
| 9 (RLIN) | 160969 |
| 245 14 - MENCIÓN DEL TÍTULO | |
| Título | Los armónicos en el saxofón |
| Medio | [Música impresa] / |
| Mención de responsabilidad, etc. | Pedro Iturralde. |
| 260 ## - PUBLICACIÓN, DISTRIBUCIÓN, ETC. | |
| Lugar de publicación, distribución, etc. | Madrid : |
| Nombre del editor, distribuidor, etc. | Musicinco, |
| Fecha de publicación, distribución, etc. | [1987] |
| 300 ## - DESCRIPCIÓN FÍSICA | |
| Extensión | 52 p. : |
| Otras características físicas | mús. ; |
| Dimensiones | 32 cm. |
| 650 #7 - PUNTO DE ACCESO ADICIONAL DE MATERIA--TÉRMINO DE MATERIA | |
| Término de materia o nombre geográfico como elemento de entrada | Saxofón- |
| Subdivisión de forma | Métodos. |
| 9 (RLIN) | 174457 |
| 852 4# - LOCALIZACIÓN | |
| Ubicación | ES-MaACL |
| Número de control de estantería | 2343-F-30 |
| 942 ## - ELEMENTOS DE ENTRADA SECUNDARIOS (KOHA) | |
| Fuente del sistema de clasificación o colocación | Clasificación decimal universal |
| Estatus retirado | Estado de pérdida | Fuente del sistema de clasificación o colocación | Estado de daño | No para préstamo | Colección | Biblioteca de origen | Biblioteca actual | Ubicación en estantería | Fecha de adquisición | Total de préstamos | Signatura topográfica completa | Código de barras | Visto por última vez | Precio de reemplazo | Tipo de ítem Koha |
|---|---|---|---|---|---|---|---|---|---|---|---|---|---|---|---|
| Clasificación decimal universal | Colección de folletos | Biblioteca del Ateneo de Madrid | Biblioteca del Ateneo de Madrid | Depósito folletos | 11/05/2022 | 2343-F-30 | 1202945 | 23/02/2023 | 23/02/2023 | Folleto |
